Canadian Manual of International Air Carriage

Bibliographic Details
Main Author: Holding, John D.
Format: eBook
Language:English
Published: Toronto: Irwin Law Inc., 2005
Subjects:
Online Access:Acceso restringido

MARC

LEADER 00000nam a22000007a 4500
005 2021080501271.0
007 cr|||| ||||
008 210805s2005 ca |||||s|||| 00||0 eng d
020 |a 9781552212608 
035 |a 34897 
040 |a vLex 
090 |c 11916  |d 11916 
100 1 |a Holding, John D. 
245 1 0 |a Canadian Manual of International Air Carriage  |h [Recurso electrn̤ico] /  |c John D. Holding 
256 |a Servicio en ln̕ea 
260 |a Toronto:  |b Irwin Law Inc.,  |c 2005 
300 |a 1 recurso electrn̤ico 
500 |a The Canadian Manual of International Air Carriage is a practical guide to the law of international air carriage, particularly as it applies in Canada under the Carriage by Air Act and Canadian judicial authorities. It provides a clear guide to the choice of law and jurisdiction in any specific carriage and explains the legal provisions and principles applicable to a contract of air carriage in given circumstances. The book draws together the numerous and disparate provisions of the treaties governing air carriage into a coherent, organized, and easily accessible framework for the analysis of legal claims and the conduct of international air carriage litigation in Canada. Specialists in aviation law will find this a useful book for easy reference. The book will also serve as a practical guide to practitioners without extensive experience in this field when they are advising clients and handling litigation. Finally, jurists, arbitrators, mediators, and members of the aviation and insurance communities will find it helpful when dealing with claims and losses arising from international air carriage. 
506 1 |a Disponible solo en los productos indicados  |d vLex Global  |d vLex Global (Academic Edition, excluding Law Schools)  |d vLex Global (U.S. Academic Edition, Law Schools)  |d vLex Global (U.S. Academic Edition, excluding Law Schools)  |d vLex Global (Academic Edition, Law Schools) 
650 0 4 |a Transporte ařeo  |z Canad̀ 
740 0 |a vLex Libros (Servicio en ln̕ea) 
856 4 0 |u https://app.vlex.com/#/sources/34897  |z Acceso restringido 
942 |c BOOK 
999 0 |a Air Transport